000 00833nam a2200265Ia 4500
003 GCL
008 140319s9999 xx 000 0 ara d
040 _aGCL /
_cGCL
082 0 4 _a624.1
_bش م
100 1 _aشفق العوض الوكيل
245 1 0 _aالمناخ وعماره المناطق الحارة /
_cشفق العوض الوكيل
700 1 _aمحمد عبدالله سراج
250 _aالثالثة
260 _aالقاهرة :
_bعالم الكتب الحديث ،
_c1989
300 _a324 ص ؛
_c24 سم
490 _a
650 0 4 _aالمناخ
650 0 4 _aالبناء
650 0 4 _aالعمارة
650 0 4 _aتخطيط المدن
650 0 4 _aالجوانب الصحية
650 0 4 _aالهندسة الانشائية
650 0 4 _aالمناطق الحارة
942 _2ddc
_cBK
999 _c31394
_d31394